| 000 | 00605nam a22001817a 4500 | ||
|---|---|---|---|
| 005 | 20180508150142.0 | ||
| 010 | _aENG-123000 | ||
| 020 |
_a9788123748146 _c45.00 |
||
| 035 | _aEN-106532 | ||
| 037 | _aDBAD/PUB. | ||
| 082 | _a954.0841092 | ||
| 100 | _aSingh, Bhagat | ||
| 245 |
_aWhy I am an Atheist / _cby Bhagat Singh ; introduction by Bipan Chandra |
||
| 260 |
_aNew Delhi _bDirector, National Book Trust, India _c2015 |
||
| 270 |
_aNehru Bhawan, 5 Institutional Area, Phase-II, Vasant Kunj _bNew Delhi _e110070 |
||
| 300 |
_a30p. _b21cm(pbk) |
||
| 942 |
_2ddc _cEN _h954.0841092 _mSIN |
||
| 999 |
_c151932 _d151932 |
||